Fundamentals of fibre optics in telecommunication and sensor systems / (Record no. 175933)

000 -LEADER
fixed length control field 00745 a2200205 4500
003 - CONTROL NUMBER IDENTIFIER
control field Nust
005 - DATE AND TIME OF LATEST TRANSACTION
control field 20221223143216.0
010 ## - LIBRARY OF CONGRESS CONTROL NUMBER
LC control number 92036074
020 ## - INTERNATIONAL STANDARD BOOK NUMBER
International Standard Book Number 0470220511
040 ## - CATALOGING SOURCE
Transcribing agency Nust
082 00 - DEWEY DECIMAL CLASSIFICATION NUMBER
Classification number 621.3827,FUN
245 00 - TITLE STATEMENT
Title Fundamentals of fibre optics in telecommunication and sensor systems /
Statement of responsibility, etc. edited by Bishnu P. Pal.
260 ## - PUBLICATION, DISTRIBUTION, ETC.
Place of publication, distribution, etc. New York :
Name of publisher, distributor, etc. Wiley,
Date of publication, distribution, etc. 1992.
300 ## - PHYSICAL DESCRIPTION
Extent xxii, 778 p. :
Other physical details ill. ;
Dimensions 24 cm.
505 ## - FORMATTED CONTENTS NOTE
Formatted contents note Fiber And Integrated Optical Waveguides (Page-1), Optical Sources, Detectors And Communication Systems (Page-331), Optical Fibre Sensors And Devices (Page-547).
650 #0 - SUBJECT ADDED ENTRY--TOPICAL TERM
Topical term or geographic name entry element Optical fibers.
9 (RLIN) 102986
650 #0 - SUBJECT ADDED ENTRY--TOPICAL TERM
Topical term or geographic name entry element Telecommunication engineering
700 1# - ADDED ENTRY--PERSONAL NAME
Personal name Pal, Bishnu P.,
Dates associated with a name 1948-
9 (RLIN) 105767
942 ## - ADDED ENTRY ELEMENTS (KOHA)
Koha item type Reference
Source of classification or shelving scheme
Holdings
Withdrawn status Lost status Source of classification or shelving scheme Damaged status Not for loan Permanent Location Current Location Shelving location Date acquired Full call number Barcode Date last seen Price effective from Koha item type Public note
          Military College of Signals (MCS) Military College of Signals (MCS) General Stacks 12/12/2016 621.3827,FUN MCS27721 12/08/2016 12/12/2016 Book Almirah No.37, Shelf No.6
© 2023 Central Library, National University of Sciences and Technology. All Rights Reserved.